Pilot project for setting up an agricultural polytechnic (Record no. 21875)

MARC details
000 -LEADER
fixed length control field 00291nam a2200109Ia 4500
082 ## - DEWEY DECIMAL CLASSIFICATION NUMBER
Classification number 63:378
Item number NAI
100 ## - MAIN ENTRY--AUTHOR NAME
Personal name Naik, K C
245 #0 - TITLE STATEMENT
Title Pilot project for setting up an agricultural polytechnic
260 ## - PUBLICATION, DISTRIBUTION, ETC. (IMPRINT)
Place of publication Bangalore
Name of publisher UAS
Year of publication 1970
942 ## - ADDED ENTRY ELEMENTS (KOHA)
Koha item type Books
Holdings
Withdrawn status Lost status Damaged status Not for loan Home library Current library Date acquired Full call number Accession Number Koha item type
        RRII Library RRII Library 16/12/2021 63:378 NAI 02592 Books